000 00459nam a2200157Ia 4500
999 _c37268
_d37268
003 OSt
005 20201014094706.0
008 190216s9999||||xx |||||||||||||| ||und||
040 _coclc
082 _a338.4791
_bJAY/T
100 _aJayakumar, K
_95677
245 0 _aTourism-Enthu? Enthinu? /
_c K Jayakumar
260 _bPoorna Publications,
_c1995.
_aKozhikode:
300 _a181p
942 _cBK
_2ddc
_h338.4791
_iJAY/T
_k338.4791
_mJAY/T